000 00723nam a2200181 a 4500
008 120416s1977 ||||||||||||||||| || u
020 _a0882754696
050 _aHF 5605 Cha
100 _aChatfield, Michael
245 1 2 _aA history of accounting thought
250 _arev ed.
260 _aHuntington, New York:
_bR. E. Krieger Pub. Co
_c1977
300 _avi, 316p.
350 _a0.00
500 _aReprint, with updated bibliography, of the ed. published by the Dryden Press, Hinsdale, Ill. -Includes bibliographies and index.
650 _aACCOUNTING--HISTORY
995 _D0.00
_FCBU-MAIN LIBRARY (Kitwe)
_H1
_I9.95
_UAVAILABLE
_ZAnnex Low-Usage Collection
999 _c45578
_d45578